| LEADER 00000nam 2200000uu 4500 |
| 001 13399118420 |
| 003 ULIBM |
| 008 170419s||||||||th 000 0 tha d |
| 020 ^a9789749414316
|
| 082 0 ^a746.98^bส654ห
|
| 100 0 ^aสมบูรณ์ เล็กวงศ์ไพบูลย์.
|
| 245 00 ^aหลากไอเดีย การประดิษฐ์ การ์ดป๊อปอัพ /^cโดย สมบูรณ์ เล็กวงศ์ไพ.
|
| 250 ^aพิมพ?ครั้งที่ 1.
|
| 260 ^aกรุงเทพฯ :^bเพชรกะรัต,^cม.ป.ป.
|
| 300 ^a92 หน้า :^bภาพประกอบ ;^c26 ซม.
|
| 650 ^aการประดิษฐ์ด้วยกระดาษ.
|
| 650 ^aบัตรอวยพร.
|
| 700 0 ^aสมบูรณ์ เล็กวงศ์ไพบูลย์,บรรณาธิการ.
|
| 999 ^aจริญญา
|
หนังสือดีน่าอ่าน

“ดั่งดวงแก้ว ส่องสว่าง ทางสายงาม”
จัดทำขึ้นเพื่อเฉลิมพระเกียรติ สมเด็จพระเทพรัตนราชสุดา ฯ สยามบรมราชกุมารี
เนื่องในโอกาสมหามงคลเฉลิมพระชนมพรรษา ๕ รอบ ๒ เมษายน ๒๕๕๘
โดยหนังสือเล่มนี้ได้รวบรวม ๖๐ พระอัจฉริยภาพของสมเด็จพระเทพ ฯ
ผู้อ่านจะได้รับแรงบันดาลใจให้พากเพียรเรียนรู้และขยันอดทนทำการงาน
ตามรอยเบื้องพระยุคลบาท เพราะพระองค์ทรงเป็นแบบอย่างอันดีเยี่ยมในทุกด้าน
ทั้งในความใฝ่รู้ใฝ่เรียน คุณธรรมจริยธรรม พระวิริยอุตสาหะในการทรงงาน
และอื่นๆอีกมากมาย ล้วนสามารถสร้างแรงบันดาลใจให้แก่เด็กและเยาวชน
อีกทั้งประชาชนทั่วไป ให้พากเพียรเรียนรู้และขยันอดทนทำการงานตามรอยพระยุคลบาท
เพื่อฝึกฝนตนเองให้เป็นคนดีคนเก่งของครอบครัวและสังคมต่อไป